Catalog

Record Details

Catalog Search



Available copies

  • 1 of 2 copies available at LARL/NWRL Consortium.
  • 1 of 2 copies available at Lake Agassiz Regional Library. (Show preferred library)

Current holds

0 current holds with 2 total copies.

Show Only Available Copies
Location Call Number / Copy Notes Barcode Shelving Location Status Due Date
Hawley Public Library J ABE (Text) 33500013866439 Main Checked out 05/19/2026
Mahnomen Public Library J ABE (Text) 33500013866421 Main Available -

Record details

  • ISBN: 9780316448529
  • ISBN: 0316448524
  • Physical Description: 368 pages ; 19 cm
  • Edition: FIrst edition.
  • Publisher: New York : Little, Brown and Company, 2023.

Content descriptions

Summary, etc.:
On a trip to visit her grandparents in Japan, ... Read More
Target Audience Note:
Ages 8-12. Little, Brown and Company.
Subject: Japanese Americans > Juvenile fiction.
Japan > Juvenile fiction.
Gods > Fiction.
Mythology, Japanese > Fiction.
Japanese Americans > Fiction.
Grandparents > Fiction.
Tokyo (Japan) > Fiction.
Japan > Fiction.
Fantasy.
Genre: Fantasy fiction.
Children's stories.
Fantasy fiction.
Novels.
LDR 02108cam a22006138i 4500
001417200
003LARL_NWRL_CONSORTIUM
00520230908155530.0
008220912s2023 nyu c 000 1 eng
007t|
010 . ‡a 2022028375
040 . ‡aDLC ‡beng ‡erda ‡cDLC ‡dOCLCF ‡dYDX ‡dBDX ‡dTOH ‡dUKMGB
015 . ‡aGBC3A5507 ‡2bnb
0167 . ‡a021078747 ‡2Uk
020 . ‡a9780316448529 ‡q(hardcover)
020 . ‡a0316448524
020 . ‡z9780316448727 ‡q(ebook)
035 . ‡a(OCoLC)1344333588
042 . ‡apcc
08200. ‡a[Fic] ‡223
1001 . ‡aAbe, Julie, ‡eauthor.
24510. ‡aTessa Miyata is no hero / ‡cJulie Abe.
250 . ‡aFIrst edition.
264 1. ‡aNew York : ‡bLittle, Brown and Company, ‡c2023.
300 . ‡a368 pages ; ‡c19 cm
336 . ‡atext ‡btxt ‡2rdacontent
337 . ‡aunmediated ‡bn ‡2rdamedia
338 . ‡avolume ‡bnc ‡2rdacarrier
4900 . ‡aTessa Miyata ; ‡v1
521 . ‡aAges 8-12. ‡bLittle, Brown and Company.
520 . ‡aOn a trip to visit her grandparents in Japan, Tessa Miyata inadvertently releases the spirit of an evil samurai god who wants to destroy Tokyo, and stumbles upon a hidden part of the city where gods and mythological creatures walk among humans.
650 0. ‡aJapanese Americans ‡vJuvenile fiction.
651 0. ‡aJapan ‡vJuvenile fiction.
650 1. ‡aGods ‡vFiction. ‡0(LARL_NWRL_CONSORTIUM)172323
650 1. ‡aMythology, Japanese ‡vFiction.
650 1. ‡aJapanese Americans ‡vFiction. ‡0(LARL_NWRL_CONSORTIUM)165738
650 1. ‡aGrandparents ‡vFiction. ‡0(LARL_NWRL_CONSORTIUM)165525
651 1. ‡aTokyo (Japan) ‡vFiction. ‡0(LARL_NWRL_CONSORTIUM)167659
651 1. ‡aJapan ‡vFiction. ‡0(LARL_NWRL_CONSORTIUM)165739
650 1. ‡aFantasy. ‡0(LARL_NWRL_CONSORTIUM)19981
655 0. ‡aFantasy fiction.
655 0. ‡aChildren's stories.
655 7. ‡aFantasy fiction. ‡2lcgft
655 7. ‡aNovels. ‡2lcgft
905 . ‡uvanderl
901 . ‡a417200 ‡b ‡c417200 ‡tbiblio ‡soclc

Additional Resources